000 00670nam a22002057a 4500
003 SEM
005 20260623102138.0
008 260622s1986 ai ||||gr||||||01|||arm|d
040 _aSEM
_cSEM
041 _aarm
080 _a891.981-3/Պ-50
100 _aՊետրոսյան, Վարդգես
245 _aԿրակե շապիկ :
_bՎեպ երեք մասից /
_cՎ. Պետրոսյան ; Խմբ.՝ Մ. Թերզյան
260 _aԵրևան :
_bՍովետ գրող,
_c1986.
300 _a592 էջ ;
_bնկ. ;
_c21 սմ
650 _aՀայ գրականություն
_xարձակ
653 _aՍԷՄ
700 _aԹերզյան, Մ.
_eխմբ.
_4edt.
942 _2udc
_cBK
999 _c46551
_d46551